UNIX and Shell Programming (Record no. 12208)

MARC details
000 -LEADER
fixed length control field 00380nam a22001577a 4500
003 - CONTROL NUMBER IDENTIFIER
control field OSt
008 - FIXED-LENGTH DATA ELEMENTS--GENERAL INFORMATION
fixed length control field 240130b |||||||| |||| 00| 0 eng d
020 ## - INTERNATIONAL STANDARD BOOK NUMBER
International Standard Book Number 9780198082163
082 ## - DEWEY DECIMAL CLASSIFICATION NUMBER
Classification number 005.43 HAU
100 ## - MAIN ENTRY--PERSONAL NAME
Personal name HARWANI, B. M
245 ## - TITLE STATEMENT
Title UNIX and Shell Programming
250 ## - EDITION STATEMENT
Edition statement 3rd IMP
260 ## - PUBLICATION, DISTRIBUTION, ETC. (IMPRINT)
Place of publication, distribution, etc New Delhi
Name of publisher, distributor, etc Oxford University Press
Date of publication, distribution, etc 2019
300 ## - PHYSICAL DESCRIPTION
Extent 701
942 ## - ADDED ENTRY ELEMENTS (KOHA)
Source of classification or shelving scheme Dewey Decimal Classification
Koha item type Text Books
Holdings
Withdrawn status Lost status Source of classification or shelving scheme Damaged status Not for loan Collection code Home library Current library Date acquired Source of acquisition Currency Cost, normal purchase price Bill Number Total Checkouts Full call number Acc. no. / Barcode Date last seen Actual Cost, discounted price Bill Date Koha item type Date last borrowed
    Dewey Decimal Classification     BCA PIET C-LIBRARY PIET C-LIBRARY 20/01/2024 Zafaa Books and Distributors In rupees 1050.00 ZBD0339   005.43 HAU BC2153 30/01/2024 724.50 20/01/2024 Reference Books  
    Dewey Decimal Classification     BCA PIET C-LIBRARY PIET C-LIBRARY 20/01/2024 Zafaa Books and Distributors In rupees 1050.00 ZBD0339 1 005.43 HAU BC2154 15/10/2024 724.50 20/01/2024 Text Books 01/10/2024
    Dewey Decimal Classification     BCA PIET C-LIBRARY PIET C-LIBRARY 20/01/2024 Zafaa Books and Distributors In rupees 1050.00 ZBD0339 1 005.43 HAU BC2155 15/10/2024 724.50 20/01/2024 Text Books 01/10/2024
    Dewey Decimal Classification     BCA PIET C-LIBRARY PIET C-LIBRARY 20/01/2024 Zafaa Books and Distributors In rupees 1050.00 ZBD0339 3 005.43 HAU BC2156 30/09/2024 724.50 20/01/2024 Text Books 19/09/2024
    Dewey Decimal Classification     BCA PIET C-LIBRARY PIET C-LIBRARY 20/01/2024 Zafaa Books and Distributors In rupees 1050.00 ZBD0339 4 005.43 HAU BC2157 30/09/2024 724.50 20/01/2024 Text Books 19/09/2024

Design & Developed by: PIET Central Library
R70 Miles Stone Pattikalyana Samalkha Panipat 132102
mail ID :- [email protected], Phone No:- 0180-2569700 Ex.216